[Event "European Rapid 2017"]
[Site "Katowice POL"]
[Date "2017.12.17"]
[Round "7.80"]
[White "Kyc, Jerzy"]
[Black "Zaleski, Lukasz"]
[Result "1-0"]
[WhiteElo "2265"]
[BlackElo "2229"]
[WhiteFideId "1163922"]
[BlackFideId "1172611"]
[EventDate "2017.12.16"]

1. e4 e5 2. Nf3 Nc6 3. Bb5 a6 4. Ba4 Nf6 5. d3 d6 6. c3 g6 7. O-O Bg7 8. Nbd2
O-O 9. Re1 h6 10. Nf1 b5 11. Bc2 Nh5 12. Ng3 Nxg3 13. fxg3 Be6 14. d4 exd4 15.
Nxd4 Nxd4 16. cxd4 c5 17. Be3 Rc8 18. d5 Bd7 19. Rb1 Qa5 20. a3 b4 21. Qd2 Kh7
22. Rf1 Qd8 23. Rf3 bxa3 24. bxa3 Rb8 25. Rbf1 Qe7 26. h3 Rb2 27. Qc1 Kg8 28.
Bd3 h5 29. Bh6 Qe5 30. Kh1 Bb5 31. Bf4 Qe7 32. Bg5 Qe5 33. Bf4 Qe7 34. Bxb5 Rxb5
35. Qe3 Rb2 36. Bg5 Qe5 37. Bf6 Bxf6 38. Rxf6 Kg7 39. Qf3 Rb7 40. Re6 Qd4 41.
Rxd6 Re7 42. Rxa6 Qxe4 43. Qf6+ Kg8 44. Ra5 c4 45. Rc5 Rd7 46. Rf4 Qd3 47. Rf3
Qd1+ 48. Kh2 Rxd5 49. Rc8 Rdd8 50. Rxc4 Qe2 51. Rcf4 Rd2 52. Rf2 Qe3 53. Rxd2
Qxd2 54. a4 Qd5 55. Rd4 Qa2 56. Qb6 Re8 57. Qf6 Qe6 58. Qf4 Qa2 59. Re4 Rd8 60.
Qf6 Ra8 61. Qc6 Rf8 62. Qb5 Rd8 63. Re8+ Rxe8 64. Qxe8+ Kg7 65. Qe5+ Kf8 66. a5
Qa4 67. Qd6+ Ke8 68. a6 Qa5 69. Qb8+ Kd7 70. a7 1-0

[Event "European Rapid 2017"]
[Site "Katowice POL"]
[Date "2017.12.17"]
[Round "7.81"]
[White "Krasenkova, Ilena"]
[Black "Buhmann, Rainer"]
[Result "0-1"]
[WhiteTitle "WIM"]
[BlackTitle "GM"]
[WhiteElo "2123"]
[BlackElo "2584"]
[WhiteFideId "4119037"]
[BlackFideId "4651340"]
[EventDate "2017.12.16"]

1. Nf3 d5 2. g3 c6 3. Bg2 Bg4 4. d3 Nd7 5. b3 e5 6. O-O Bd6 7. Bb2 Ne7 8. c4 O-O
9. cxd5 cxd5 10. Nc3 Rc8 11. h3 Bh5 12. Rc1 a6 13. Qd2 Nf6 14. Na4 Nc6 15. Nc5
Qe7 16. Na4 Rcd8 17. Nh4 Bb8 18. a3 Ba7 19. b4 Rfe8 20. Nc5 Bxc5 21. Rxc5 Qe6
22. b5 axb5 23. Rxb5 Rd7 24. Rb1 h6 25. Rb6 g5 26. Nf3 Bxf3 27. exf3 d4 28. h4
Nd5 29. Rb5 gxh4 30. Kh2 hxg3+ 31. fxg3 Ne3 32. Bh3 f5 33. Bc1 Ree7 34. Qe2 Nd5
35. Qd2 Nc3 36. Qxh6 Qxh6 37. Bxh6 Nxb1 38. Rxb1 Rh7 39. Bd2 Rh8 40. Rh1 Rdh7
41. Kg2 Kf7 42. Rh2 Ne7 43. Bb4 Nd5 44. Bd2 f4 45. gxf4 Nxf4+ 46. Bxf4 exf4 47.
Rh1 Kf6 48. Rh2 Rg8+ 49. Bg4 Rxh2+ 50. Kxh2 Ra8 51. Bd7 Rxa3 52. Bb5 Ra2+ 53.
Kh3 Kg5 54. Bc4 Rf2 55. Bd5 b5 56. Bc6 b4 57. Bd5 Rc2 58. Ba2 Rc3 59. Bb1 b3 60.
Kg2 Rc1 0-1

[Event "European Rapid 2017"]
[Site "Katowice POL"]
[Date "2017.12.17"]
[Round "7.83"]
[White "Krejci, Jan2"]
[Black "Motycakova, Monika"]
[Result "1-0"]
[WhiteTitle "GM"]
[BlackTitle "WFM"]
[WhiteElo "2570"]
[BlackElo "2133"]
[WhiteFideId "322156"]
[BlackFideId "14909626"]
[EventDate "2017.12.16"]

1. d4 d5 2. c4 c6 3. Nc3 Nf6 4. e3 e6 5. Nf3 Nbd7 6. Qc2 Bd6 7. Bd3 O-O 8. O-O
dxc4 9. Bxc4 b5 10. Bd3 Bb7 11. a3 a5 12. e4 e5 13. dxe5 Nxe5 14. Nxe5 Bxe5 15.
h3 Re8 16. Be3 Bd4 17. Rfe1 h6 18. Rad1 Bxe3 19. Rxe3 Qb6 20. e5 Nd5 21. Ree1
Nxc3 22. Qxc3 c5 23. Bb1 Rad8 24. Rxd8 Rxd8 25. Qc2 g6 26. e6 Bd5 27. e7 Re8 28.
Qd2 Qb7 29. Re5 Bxg2 30. Qd8 Bc6 31. Be4 Qd7 32. Qxe8+ Qxe8 33. Bxc6 1-0

[Event "European Rapid 2017"]
[Site "Katowice POL"]
[Date "2017.12.17"]
[Round "7.84"]
[White "Olszewski, Michal"]
[Black "Leveikina, Jevgenija"]
[Result "1-0"]
[WhiteTitle "GM"]
[BlackTitle "WFM"]
[WhiteElo "2540"]
[BlackElo "2109"]
[WhiteFideId "1121251"]
[BlackFideId "4682157"]
[EventDate "2017.12.16"]

1. e4 c6 2. d4 d5 3. e5 Bf5 4. Nf3 e6 5. Be2 Nd7 6. O-O Ne7 7. a4 h6 8. a5 g5 9.
c4 dxc4 10. Nbd2 Nd5 11. Nxc4 g4 12. Ne1 c5 13. Bxg4 Bxg4 14. Qxg4 cxd4 15. Qxd4
Bc5 16. Qg4 Qe7 17. Nd3 O-O-O 18. Nxc5 Nxc5 19. b4 Rhg8 20. Qf3 Nxb4 21. Nd6+
Rxd6 22. exd6 Qxd6 23. Ba3 Nbd3 24. Rfd1 Qe5 25. a6 b6 26. Rxd3 Qxa1+ 27. Rd1
Qe5 28. Bxc5 bxc5 29. Qb7# 1-0

[Event "European Rapid 2017"]
[Site "Katowice POL"]
[Date "2017.12.17"]
[Round "7.85"]
[White "Bugalski, Michal"]
[Black "Mohr, Georg"]
[Result "0-1"]
[BlackTitle "GM"]
[WhiteElo "2263"]
[BlackElo "2473"]
[WhiteFideId "1122134"]
[BlackFideId "14600013"]
[EventDate "2017.12.16"]

1. e4 e6 2. d4 d5 3. Nd2 Ne7 4. Bd3 g6 5. c3 Bg7 6. Ngf3 Nd7 7. h4 h6 8. Qe2 c5
9. exd5 Nxd5 10. Ne4 Qc7 11. dxc5 Nxc5 12. Nxc5 Qxc5 13. Bb5+ Kf8 14. O-O a6 15.
Bd3 Qc7 16. Be4 Nf6 17. Bxg6 fxg6 18. Ne5 Nd5 19. Nxg6+ Kg8 20. Nxh8 Kxh8 21.
Qh5 Kh7 22. Re1 Bd7 23. Be3 Rg8 24. Rad1 Bc6 25. f3 Qg3 26. Bf2 Bd4 27. Qf7+ Rg7
28. Qxg7+ Qxg7 29. Bxd4 Qg6 30. Be5 Ne7 31. Bf4 Bxf3 32. Rd2 Bc6 33. h5 Qg4 34.
Be5 Nf5 35. Rf2 Qxh5 36. Bf6 Bd5 37. b3 b5 38. c4 bxc4 39. bxc4 Bxc4 40. Rc1 Ng3 0-1

[Event "European Rapid 2017"]
[Site "Katowice POL"]
[Date "2017.12.17"]
[Round "7.86"]
[White "Zelcic, Robert"]
[Black "Krzywda, Andrzej"]
[Result "1-0"]
[WhiteTitle "GM"]
[WhiteElo "2501"]
[BlackElo "2171"]
[WhiteFideId "14500310"]
[BlackFideId "1114565"]
[EventDate "2017.12.16"]

1. e4 c5 2. Nf3 d6 3. d4 cxd4 4. Nxd4 Nf6 5. Nc3 a6 6. Be2 e6 7. O-O Be7 8. f4
O-O 9. Kh1 Nc6 10. Be3 Qc7 11. Qe1 Re8 12. Qg3 Bf8 13. Rad1 Rb8 14. e5 Nd7 15.
exd6 Qxd6 16. Nf5 Qb4 17. Nh6+ Kh8 18. Nxf7+ Kg8 19. f5 exf5 20. Bh5 Rxe3 21.
Qxe3 Nf6 22. Qg5 Qxb2 23. Rd3 Qxc2 24. Rg3 Nxh5 25. Qxh5 f4 26. Nh6+ Kh8 27. Qf7
Ne7 28. Qg8+ Nxg8 29. Nf7# 1-0

[Event "European Rapid 2017"]
[Site "Katowice POL"]
[Date "2017.12.17"]
[Round "7.87"]
[White "Piesik, Piotr"]
[Black "Smieszek, Wojciech"]
[Result "1-0"]
[WhiteTitle "FM"]
[WhiteElo "2374"]
[BlackElo "2185"]
[WhiteFideId "1136194"]
[BlackFideId "1156047"]
[EventDate "2017.12.16"]

1. d4 Nf6 2. Nf3 c5 3. d5 e6 4. Nc3 b5 5. dxe6 fxe6 6. Nxb5 d5 7. c4 Be7 8. Bg5
O-O 9. e3 Nc6 10. Bd3 a6 11. Nc3 Rb8 12. O-O d4 13. exd4 cxd4 14. Ne2 e5 15. Ng3
Rxb2 16. Re1 Bg4 17. Qc1 Bxf3 18. Qxb2 Bg4 19. Qb7 Nb4 20. Bf5 Bxf5 21. Nxf5 Rf7
22. Nxe7+ Qxe7 23. Qb8+ Rf8 24. Qxe5 Qxe5 25. Rxe5 Nd3 26. Re2 Ng4 27. Rd2 Ngxf2
28. Rf1 Rf5 29. Bh4 1-0

[Event "European Rapid 2017"]
[Site "Katowice POL"]
[Date "2017.12.17"]
[Round "7.89"]
[White "Lindam, Ingo"]
[Black "Jahncke, Giso"]
[Result "1/2-1/2"]
[BlackTitle "FM"]
[WhiteElo "2112"]
[BlackElo "2403"]
[WhiteFideId "24699756"]
[BlackFideId "24608289"]
[EventDate "2017.12.16"]

1. d4 Nf6 2. Bg5 c5 3. Nc3 cxd4 4. Qxd4 Nc6 5. Qh4 e6 6. e4 d6 7. O-O-O a6 8. f4
Qa5 9. Bxf6 gxf6 10. Qxf6 Rg8 11. Qh4 Bg7 12. Nge2 Bd7 13. Rxd6 b5 14. e5 b4 15.
Qxh7 O-O-O 16. Qe4 Kc7 17. Nd4 bxc3 18. Nxc6 Qxa2 19. bxc3 Bf8 20. Nxd8 Qa3+ 21.
Kd2 Bxd6 22. Nxf7 Bc5 23. Be2 Bc6 24. Qh7 Rxg2 25. Nd6+ Bd7 26. Qe4 Bc6 27. Qh7+
Bd7 28. Qe4 Rf2 29. Qb7+ Kd8 30. Rg1 Rxe2+ 31. Kxe2 Bxg1 32. Qa8+ Ke7 33. Qg2
Qc1 34. Qg5+ Kf8 35. Qf6+ Kg8 36. Qf7+ Kh8 37. Qh5+ Kg7 38. Qf7+ Kh8 39. Qf6+
Kh7 40. Qf7+ Kh8 41. Qf6+ Kh7 42. Qf7+ Kh8 43. Qh5+ Kg7 44. Qg5+ Kh7 45. Qh5+
Kg7 46. Qg5+ Kh7 47. Qh5+ Kg7 48. Qg5+ Kh7 49. Qh5+ Kg7 50. Qg5+ Kh7 51. Qh5+
Kg7 52. Qg5+ Kh7 53. Qh5+ Kg7 54. Qg5+ Kh7 55. Qh5+ 1/2-1/2

[Event "European Rapid 2017"]
[Site "Katowice POL"]
[Date "2017.12.17"]
[Round "7.90"]
[White "Mammadov, Vafa"]
[Black "Zimina, Olga"]
[Result "0-1"]
[BlackTitle "IM"]
[WhiteElo "2009"]
[BlackElo "2415"]
[WhiteFideId "13402536"]
[BlackFideId "4132190"]
[EventDate "2017.12.16"]

1. c4 c6 2. Nf3 d5 3. b3 dxc4 4. bxc4 e5 5. Nc3 Nd7 6. g3 Ngf6 7. Bg2 Bc5 8. O-O
O-O 9. Qc2 Re8 10. Ng5 h6 11. Nge4 Bf8 12. Bb2 Nh7 13. d3 f5 14. Nd2 Nc5 15. Nf3
Nf6 16. Rfd1 Qc7 17. d4 exd4 18. Nxd4 Nce4 19. f3 Nxc3 20. Bxc3 Qe7 21. Kh1 Qc5
22. Bb2 b5 23. Rac1 b4 24. Qa4 a5 25. Rd2 Bb7 26. Qc2 Rad8 27. Rcd1 Bc8 28. Bh3
Ba6 29. Rc1 g6 30. Nb3 Rxd2 31. Qxd2 Qe7 32. Nxa5 Qe6 33. e4 Bg7 34. Qxb4 Bc8
35. Qc5 Bd7 36. Rd1 Rb8 37. Bc3 Qe8 38. exf5 Qe2 39. Qd6 Ra8 40. Bg2 Bxf5 41.
Re1 Qf2 42. Rf1 Qxa2 43. Bxf6 Bxf6 44. Qxf6 Qxa5 45. Qxc6 Rd8 46. f4 Rd7 47. Qf6
Qc5 48. Re1 Kh7 49. Qc6 Qf2 50. Rf1 Qc2 51. Bd5 Rxd5 0-1

[Event "European Rapid 2017"]
[Site "Katowice POL"]
[Date "2017.12.17"]
[Round "7.91"]
[White "Krause, Jonah"]
[Black "Snihur, Piotr"]
[Result "1-0"]
[WhiteTitle "FM"]
[WhiteElo "2368"]
[BlackElo "2233"]
[WhiteFideId "12907910"]
[BlackFideId "1157191"]
[EventDate "2017.12.16"]

1. d4 Nf6 2. c4 e6 3. g3 Bb4+ 4. Bd2 c5 5. Bxb4 cxb4 6. Bg2 O-O 7. e4 d6 8. Ne2
e5 9. O-O Nc6 10. a3 Qb6 11. d5 Nb8 12. Qd2 Na6 13. axb4 Nxb4 14. Na3 Bd7 15. h3
a5 16. Kh2 Na6 17. Nc3 Nc5 18. Rab1 a4 19. Qe3 Rfe8 20. f4 Ra6 21. fxe5 Rxe5 22.
Rfe1 Nb3 23. Qxb6 Rxb6 24. c5 Rb4 25. Nc2 Rc4 26. cxd6 Nd2 27. Rbd1 Ndxe4 28.
Rd4 Rxd4 29. Nxd4 1-0

[Event "European Rapid 2017"]
[Site "Katowice POL"]
[Date "2017.12.17"]
[Round "7.92"]
[White "Lewtak, Damian"]
[Black "Martinkus, Rolandas"]
[Result "1/2-1/2"]
[BlackTitle "FM"]
[WhiteElo "2358"]
[BlackElo "2127"]
[WhiteFideId "1141724"]
[BlackFideId "12800481"]
[EventDate "2017.12.16"]

1. e4 e5 2. Nf3 Nc6 3. Bb5 Nd4 4. Nxd4 exd4 5. O-O Bc5 6. d3 c6 7. Bc4 d5 8.
exd5 cxd5 9. Bb5+ Kf8 10. Ba4 Ne7 11. Bb3 a5 12. a4 Ra6 13. c4 Rg6 14. Kh1 h5
15. cxd5 Nxd5 16. Qf3 Be6 17. Na3 Bxa3 18. Rxa3 Qd7 19. Bd2 Nb4 20. Bxe6 Rxe6
21. Raa1 h4 22. h3 Rf6 23. Qe4 Rh5 24. Rac1 Nc6 25. Rc4 Kg8 26. b3 Rg6 27. Bc1
Qd8 28. Bb2 Re5 29. Qf4 Qd5 30. Qf3 Qxf3 31. gxf3 Rf5 32. Rg1 Rxg1+ 33. Kxg1
Rxf3 34. Bxd4 Rxd3 35. Be3 Rxb3 36. Rxh4 Rb4 37. Rxb4 axb4 38. Kf1 f6 39. Ke2
Kf7 40. Kd3 Ne5+ 41. Kc2 Ke6 42. Kb3 Nc6 43. Kc4 f5 44. Bc5 Ke5 45. Bxb4 Ke4 46.
Bc5 g6 47. Kb5 Ne5 48. a5 Nd3 49. Ba7 Kd5 50. Kb6 Nc5 51. Bb8 Nb3 52. Bc7 Ke4
53. Kxb7 Kf3 54. Kc6 Nxa5+ 55. Bxa5 Kxf2 56. h4 Kg3 57. Be1+ Kg4 58. Kd5 1/2-1/2

[Event "European Rapid 2017"]
[Site "Katowice POL"]
[Date "2017.12.17"]
[Round "7.93"]
[White "Mareckova, Martina"]
[Black "Kashlinskaya, Alina"]
[Result "0-1"]
[WhiteTitle "WFM"]
[BlackTitle "IM"]
[WhiteElo "2132"]
[BlackElo "2452"]
[WhiteFideId "327930"]
[BlackFideId "4198026"]
[EventDate "2017.12.16"]

1. e4 c6 2. d4 d5 3. Nd2 dxe4 4. Nxe4 Bf5 5. Ng3 Bg6 6. Nf3 e6 7. Bd3 Nf6 8. c3
Be7 9. Ne5 Bxd3 10. Qxd3 O-O 11. O-O Nbd7 12. Nxd7 Qxd7 13. Qf3 c5 14. dxc5 Bxc5
15. Rd1 Qb5 16. b3 Rad8 17. Be3 Bxe3 18. Qxe3 Qa5 19. Rxd8 Rxd8 20. Ne2 Qxa2 0-1

[Event "European Rapid 2017"]
[Site "Katowice POL"]
[Date "2017.12.17"]
[Round "7.94"]
[White "Fedotov, Konstantin"]
[Black "Costachi, Mihnea"]
[Result "0-1"]
[BlackTitle "IM"]
[WhiteElo "2017"]
[BlackElo "2441"]
[WhiteFideId "4145895"]
[BlackFideId "1217518"]
[EventDate "2017.12.16"]

1. e4 e5 2. Bc4 Nf6 3. d4 exd4 4. Nf3 Nc6 5. O-O Bc5 6. e5 d5 7. Bb5 Ne4 8. Nxd4
Bxd4 9. Bxc6+ bxc6 10. Qxd4 O-O 11. Qe3 Qe7 12. f3 Nc5 13. b3 Nd7 14. f4 c5 15.
Ba3 Bb7 16. Nd2 Rfe8 17. Rae1 a5 18. Bb2 f5 19. Qh3 Qe6 20. Nf3 h6 21. Nh4 Rf8
22. Rf3 Rf7 23. Rg3 Nf8 24. Ba3 g5 25. fxg5 f4 26. g6 Rf6 27. Qxe6+ Rxe6 28. Rg4
Rae8 29. Rxf4 Rxe5 30. Rxe5 Rxe5 31. Bxc5 Ne6 32. Rf7 Nxc5 33. Nf5 Rxf5 34. Rxf5
Ne6 35. h4 c5 36. Rf7 Bc6 37. Rh7 d4 38. Rxh6 Be4 39. g7 Nxg7 40. Ra6 Bxc2 41.
Rxa5 d3 42. Rxc5 d2 43. Rd5 d1=Q+ 44. Rxd1 Bxd1 45. b4 Nf5 46. b5 Nd6 47. b6 Kf7
48. Kf2 Ke6 49. Ke1 Bg4 50. a4 Nb7 51. Kf2 Ke5 52. Ke3 Bd1 53. g3 Bxa4 54. h5
Kf5 55. Kd4 Bc6 56. g4+ Kg5 57. Ke5 Bf3 58. h6 Kxh6 59. Kf5 Kg7 60. g5 Bc6 61.
Kg4 Kg6 62. Kf4 Bd7 63. Ke5 Kxg5 64. Kd5 Kf5 65. Kd4 Ke6 66. Kc4 Kd6 67. Kd4 Kc6
68. Ke5 Kxb6 69. Kd4 Kc6 70. Ke5 Kc5 71. Ke4 Bc6+ 72. Ke5 Bd5 73. Kf6 Kd6 74.
Kf5 Nc5 75. Kf6 Be6 76. Kg7 Ke5 77. Kg6 Ne4 78. Kg7 Kf5 79. Kh6 Kf6 80. Kh7 Nd6
81. Kh8 Nc4 82. Kh7 Ne5 83. Kh8 Ng6+ 84. Kh7 Bf7 85. Kh6 Bg8 86. Kh5 Ne5 87. Kh6
Ng4+ 88. Kh5 Kf5 89. Kh4 Kf4 90. Kh5 Bf7+ 91. Kh4 Bg6 92. Kh3 Ne3 93. Kh4 Ng2+
94. Kh3 Kf3 95. Kh2 Kf2 96. Kh3 Bf5+ 97. Kh2 Ne3 98. Kh1 Bg4 99. Kh2 Nf1+ 100.
Kh1 Bf3# 0-1

[Event "European Rapid 2017"]
[Site "Katowice POL"]
[Date "2017.12.17"]
[Round "7.95"]
[White "Tomczak, Mikolaj"]
[Black "Pereira, Antonio Pedro Caramez"]
[Result "1-0"]
[WhiteTitle "FM"]
[WhiteElo "2372"]
[BlackElo "2113"]
[WhiteFideId "1175114"]
[BlackFideId "1904485"]
[EventDate "2017.12.16"]

1. d4 Nf6 2. c4 e6 3. Nc3 d5 4. cxd5 exd5 5. Bg5 c6 6. e3 Be7 7. Bd3 O-O 8. Qc2
Nbd7 9. Nge2 Re8 10. h3 b6 11. O-O Bb7 12. Rad1 Rc8 13. Bh4 Qc7 14. f3 Nf8 15.
Bg3 Bd6 16. Bxd6 Qxd6 17. e4 Qe7 18. e5 N6d7 19. f4 c5 20. Qd2 cxd4 21. Nxd4 f6
22. exf6 Nxf6 23. Rfe1 Qc5 24. Qf2 Ne4 25. Bxe4 dxe4 26. Nc2 b5 27. Qxc5 Rxc5
28. g3 a5 29. a3 h5 30. h4 Nh7 31. Rd7 Bc6 32. Rc7 Nf6 33. Nd4 Rc4 34. Nxc6 Kh7
35. Nxb5 Rc2 36. Ne5 Rxb2 37. Nd6 Rd8 38. Nef7 Rdb8 39. Ng5+ Kh6 40. f5 1-0

[Event "European Rapid 2017"]
[Site "Katowice POL"]
[Date "2017.12.17"]
[Round "7.96"]
[White "Walter, Szymon"]
[Black "Przybylski, Wojciech"]
[Result "1/2-1/2"]
[BlackTitle "FM"]
[WhiteElo "2246"]
[BlackElo "2320"]
[WhiteFideId "1172590"]
[BlackFideId "1117599"]
[EventDate "2017.12.16"]

1. e4 e5 2. Nf3 Nc6 3. d4 exd4 4. Bc4 Nf6 5. e5 d5 6. Bb5 Ne4 7. Nxd4 Bd7 8.
Bxc6 bxc6 9. O-O Bc5 10. f3 Ng5 11. f4 Ne4 12. Be3 Bb6 13. Nc3 c5 14. Nb3 c4 15.
Nd4 Nxc3 16. bxc3 c5 17. Nf3 Bf5 18. Qd2 Qd7 19. a4 a6 20. Qf2 O-O 21. h3 h6 22.
a5 Ba7 23. Nh4 d4 24. Nxf5 Qxf5 25. cxd4 cxd4 26. Bxd4 Bxd4 27. Qxd4 Rac8 28.
Qc3 Rfd8 29. Rab1 Qe4 30. Rf3 Rc6 31. f5 Rc5 32. Re1 Qd4+ 33. Kh2 Qxc3 34. Rxc3
Re8 35. e6 Rxf5 36. exf7+ Kxf7 37. Rxe8 Kxe8 38. Rxc4 Rxa5 39. Rc7 Kf8 40. c4
Ra3 41. c5 Rc3 42. c6 Ke8 43. Rc8+ Ke7 44. c7 Kd7 45. Ra8 Rxc7 46. Rxa6 Ke7 47.
Rb6 Kf7 48. h4 Rc3 49. Ra6 Kg8 50. Rb6 Kh7 51. Ra6 Rc4 52. Kh3 Rc1 53. Kh2 Rf1
54. Rb6 Kg8 55. Ra6 Rf4 56. Kh3 Kf7 57. Rb6 Ra4 58. Rc6 Ra3+ 59. g3 Ra1 60. Rb6
Rh1+ 61. Kg2 Ra1 62. Kh3 Ra7 63. Rc6 Re7 64. Rb6 Re6 65. Rb4 Kf6 66. Rf4+ Kg6
67. Rg4+ Kf6 68. Rf4+ Ke5 69. Rf7 g6 70. Rh7 Kf6 71. h5 Kg5 72. hxg6 Kxg6 73.
Ra7 Re5 74. Ra4 Rh5+ 75. Kg4 Rg5+ 76. Kh3 Rh5+ 77. Kg4 Rg5+ 78. Kh3 Rb5 79. Rg4+
Kf5 80. Rh4 Kg5 81. Rg4+ Kf5 82. Rf4+ Kg6 83. Rg4+ Kh7 84. Ra4 Rb6 85. Ra5 Kg6
86. Rc5 Rf6 87. Rb5 Re6 88. Ra5 Re1 89. Rb5 Rh1+ 90. Kg2 Ra1 91. Kh3 Ra6 1/2-1/2

[Event "European Rapid 2017"]
[Site "Katowice POL"]
[Date "2017.12.17"]
[Round "7.98"]
[White "Godzwon, Iwo"]
[Black "Boe, Mads"]
[Result "1-0"]
[BlackTitle "FM"]
[WhiteElo "2240"]
[BlackElo "2292"]
[WhiteFideId "21802483"]
[BlackFideId "1401408"]
[EventDate "2017.12.16"]

1. e4 c6 2. d4 d5 3. Nd2 dxe4 4. Nxe4 Bf5 5. Ng3 Bg6 6. h4 h6 7. Nf3 Nf6 8. Ne5
Bh7 9. Bd3 Nbd7 10. Bxh7 Nxe5 11. dxe5 Qa5+ 12. Kf1 Nxh7 13. Qe1 Qxe1+ 14. Kxe1
e6 15. Be3 Be7 16. Ke2 Nf8 17. h5 Nd7 18. f4 f6 19. exf6 Nxf6 20. c4 O-O 21.
Rad1 b5 22. Rc1 b4 23. Rhd1 a5 24. Rc2 a4 25. Bd4 c5 26. Be3 Rad8 27. Rcd2 Rxd2+
28. Rxd2 Kf7 29. Kf3 Rc8 30. Ne4 Nxe4 31. Kxe4 Bf6 32. b3 Ke8 33. Rd6 axb3 34.
axb3 Kf7 35. Ra6 Be7 36. g4 Rd8 37. Ra7 Ke8 38. Rc7 Rd1 39. Bxc5 Bxc5 40. Rxc5
Rb1 41. Rc7 Rxb3 42. Rxg7 Rg3 43. g5 b3 44. gxh6 b2 45. Rb7 Rh3 46. Rxb2 Rxh5
47. h7 Kd7 48. Rb7+ Kc6 49. Rg7 Kd6 50. c5+ Kxc5 51. Rg5+ 1-0

[Event "European Rapid 2017"]
[Site "Katowice POL"]
[Date "2017.12.17"]
[Round "7.99"]
[White "Kolasinski, Krzysztof"]
[Black "Reichmann, Hendrik"]
[Result "0-1"]
[BlackTitle "FM"]
[WhiteElo "2045"]
[BlackElo "2337"]
[WhiteFideId "1122240"]
[BlackFideId "4647823"]
[EventDate "2017.12.16"]

1. d4 g6 2. e4 Bg7 3. Nc3 c5 4. Be3 Qa5 5. Nf3 Nf6 6. Qd2 Nc6 7. h3 cxd4 8. Nxd4
Nxd4 9. Bxd4 Nxe4 10. Qe3 Bxd4 11. Qxd4 Nf6 12. O-O-O O-O 13. Bc4 Qg5+ 14. f4
Qxg2 15. Rdg1 Qf3 16. Bd5 Qh5 17. Rg5 Qh6 18. h4 Qg7 19. Bf3 e6 20. Qd6 Ne8 21.
Qd3 Qf6 22. f5 d5 23. Rhg1 Ng7 24. Bxd5 exf5 25. Qg3 Kh8 26. Qg2 Be6 27. Bxb7
Rab8 28. Bd5 Rfc8 29. Bb3 a5 30. Rg3 Nh5 31. Rf3 Rb4 32. Qd2 Qd4 33. Qe1 Qf6 34.
Re3 Nf4 35. h5 Kg7 36. hxg6 hxg6 37. Bxe6 fxe6 38. a3 Rbc4 39. Qg3 e5 40. Rge1
Nh5 41. Qxe5 Qxe5 42. Rxe5 R4c5 43. Re7+ Kh6 44. Rg1 R8c6 45. Kb1 Rc7 46. Re6
Nf4 47. Re8 Rc8 48. Re7 g5 49. Ne2 Nxe2 50. Rxe2 g4 51. Re7 Rxc2 52. Rh1+ Kg6
53. Re6+ Kg5 54. Rh7 Rf2 55. Rg7+ Kf4 56. Rb6 g3 57. Rbg6 Rg2 58. b4 axb4 59.
axb4 Rb8 0-1

[Event "European Rapid 2017"]
[Site "Katowice POL"]
[Date "2017.12.17"]
[Round "8.3"]
[White "McShane, Luke J"]
[Black "Fridman, Daniel"]
[Result "0-1"]
[WhiteTitle "GM"]
[BlackTitle "GM"]
[WhiteElo "2640"]
[BlackElo "2633"]
[WhiteFideId "404853"]
[BlackFideId "11600454"]
[EventDate "2017.12.16"]

1. e4 e5 2. Nf3 Nf6 3. Nxe5 d6 4. Nf3 Nxe4 5. Nc3 Nxc3 6. dxc3 Be7 7. Be3 O-O 8.
Qd2 Qe8 9. O-O-O Qa4 10. Kb1 Nc6 11. Nd4 Nxd4 12. cxd4 Bf6 13. Be2 c6 14. g4 Be6
15. b3 Qa3 16. f4 Bd5 17. Rhg1 Rfe8 18. Bd3 a5 19. g5 Bd8 20. c4 a4 21. cxd5
axb3 22. Rg2 Qa4 23. Rc1 bxa2+ 24. Ka1 Ba5 25. Bxh7+ Kxh7 26. g6+ fxg6 27. Qd3
Kg8 28. f5 Qb5 29. Qxb5 cxb5 30. Bf4 Re4 31. Bxd6 Bc3+ 0-1

[Event "European Rapid 2017"]
[Site "Katowice POL"]
[Date "2017.12.17"]
[Round "8.4"]
[White "Wojtaszek, Radoslaw"]
[Black "Gajewski, Grzegorz"]
[Result "1-0"]
[WhiteTitle "GM"]
[BlackTitle "GM"]
[WhiteElo "2736"]
[BlackElo "2601"]
[WhiteFideId "1118358"]
[BlackFideId "1116207"]
[EventDate "2017.12.16"]

1. d4 Nf6 2. Nf3 d5 3. g3 e6 4. c4 dxc4 5. Bg2 a6 6. O-O Nc6 7. e3 Rb8 8. Nfd2
e5 9. Bxc6+ bxc6 10. dxe5 Ng4 11. Nxc4 Be6 12. Nbd2 h5 13. f3 h4 14. fxg4 hxg3
15. Qf3 Qd3 16. b3 Rxh2 17. Qxg3 Rh6 18. Rf4 Bd5 19. Bb2 g5 20. Rd4 Qh7 21. e4
Rh3 22. Qg2 Be6 23. Nf3 Be7 24. Ne3 Qh8 25. Rc1 Rb5 26. Nf5 Bc5 27. Ng7+ Qxg7
28. Qxh3 Bb6 29. Kg2 Bxd4 30. Bxd4 Kd7 31. Qh5 Kc8 32. Nxg5 Ra5 33. Nxe6 Rxa2+
34. Kg3 fxe6 35. Qe8+ 1-0

[Event "European Rapid 2017"]
[Site "Katowice POL"]
[Date "2017.12.17"]
[Round "8.7"]
[White "Fedorchuk, Sergey A."]
[Black "Meskovs, Nikita"]
[Result "1-0"]
[WhiteTitle "GM"]
[BlackTitle "GM"]
[WhiteElo "2648"]
[BlackElo "2538"]
[WhiteFideId "14102536"]
[BlackFideId "11602740"]
[EventDate "2017.12.16"]

1. e4 e5 2. Nf3 Nc6 3. Bb5 a6 4. Ba4 Nf6 5. O-O Nxe4 6. d4 b5 7. Bb3 d5 8. dxe5
Be6 9. Qe2 Nc5 10. Rd1 Nxb3 11. axb3 Be7 12. Nc3 O-O 13. h3 h6 14. Be3 Qd7 15.
Ne4 Rfd8 16. Bc5 dxe4 17. Rxd7 Bxd7 18. Bxe7 exf3 19. Qxf3 Nxe7 20. Qb7 Be6 21.
Qxc7 Nd5 22. Qa5 Rdc8 23. Qd2 Rc6 24. Qe2 b4 25. Qe4 a5 26. f4 Ne7 27. g4 g6 28.
Rf1 Bd5 29. Qd3 Rac8 30. Rf2 Rc5 31. f5 g5 32. h4 gxh4 33. Qe3 Rxc2 34. Rxc2
Rxc2 35. f6 Nc8 36. Qd3 Rc1+ 37. Kf2 Nb6 38. Qd2 h3 39. Qxh6 Rc2+ 40. Ke3 1-0

[Event "European Rapid 2017"]
[Site "Katowice POL"]
[Date "2017.12.17"]
[Round "8.8"]
[White "Bartel, Mateusz"]
[Black "Dziuba, Marcin"]
[Result "1-0"]
[WhiteTitle "GM"]
[BlackTitle "GM"]
[WhiteElo "2609"]
[BlackElo "2584"]
[WhiteFideId "1112635"]
[BlackFideId "1112953"]
[EventDate "2017.12.16"]

1. e4 c5 2. Nf3 d6 3. Bb5+ Nd7 4. O-O a6 5. Bd3 Ngf6 6. c4 e5 7. Nc3 Be7 8. Bc2
O-O 9. d3 Rb8 10. Nh4 Ne8 11. Nf5 Ndf6 12. Nxe7+ Qxe7 13. f4 h6 14. Qf3 b5 15.
f5 b4 16. Nd1 Nh7 17. Nf2 Nef6 18. g4 Kh8 19. h4 Ng8 20. Qh3 g5 21. hxg5 hxg5
22. Kg2 f6 23. Rh1 Rf7 24. Nd1 Bd7 25. Ne3 Bc6 26. a3 b3 27. Bd1 a5 28. a4 Rb4
29. Bd2 Rxa4 30. Rxa4 Bxa4 31. Bxa5 Qb7 32. Qh5 Bc6 33. Bc3 Rg7 34. Bf3 Qa8 35.
Nf1 Be8 36. Qh2 Ne7 37. Nd2 Qb8 38. Ra1 Nc6 39. Bd1 Rb7 40. Ra3 Nb4 41. Bxb4
cxb4 42. Ra1 Ra7 43. Rb1 Qb6 44. Qg1 Qxg1+ 45. Kxg1 Nf8 46. Nxb3 Nd7 47. d4 Bf7
48. Be2 exd4 49. Nxd4 Nc5 50. Nb5 Ra6 51. Kf2 Nxe4+ 52. Ke3 Nc5 53. Rd1 Ra2 54.
Rxd6 Kg7 55. Rc6 Nb3 56. Rc7 Kf8 57. Nd6 Bg8 58. Ne4 Rxb2 59. Nxf6 Bf7 60. Nh7+
Ke8 61. Nxg5 Nc1 62. Bf3 Rb3+ 63. Kd2 Rc3 64. Bc6+ Kd8 65. Rd7+ Kc8 66. Nxf7
Nb3+ 67. Ke2 Nc5 68. Rd5 Na6 69. Rb5 Kc7 70. Bd5 Rg3 71. f6 Rxg4 72. Rb7+ Kc8
73. Nd6+ Kd8 74. f7 Rf4 75. Ke3 Rf6 76. Ne4 Rf1 77. Rb6 Nc7 78. Rxb4 1-0